00791nas a2200229Ia 4500001001100000003000900011008004100020040001300061040001300074041001300087100004300100210001100143222001100154245006600165250001100231260002700242501008600269300001800355362003100373500011800404650003900522R706/49412IT-RoPAU151124c99999999xx |||||||||||| ||und|| aIT-RoPAU cIT-RoPAU aFRANCESE aStefani GinogCodice Aut. SPICS: 1035 aVERSUS aVersus aVERSUS, N.005 (MAGGIO/AGOSTO 1973)bSemiotique En Musicologie a1a ed. aMILANObBOMPIANIc1973 bPaulus - SPICS - Società San Paolo EM (non-commercial uses only)cCopyright2015 a23 p. [20-42] aN.005 (MAGGIO/AGOSTO 1973) aSemiotica in Musicologia. Musica e Comunicazione. Codice e Messaggio. Morfologia dei Sistemi. Analisi. Semantica. aSEMIOTICAvPUBBLICAZIONE PERIODICA